Latin America's turnaround :privatization, foreign investment, and growth / (Record no. 663)

MARC details
000 -LEADER
fixed length control field 01677cam a2200277 a 4500
001 - CONTROL NUMBER
control field 617584
005 - DATE AND TIME OF LATEST TRANSACTION
control field 20210414113922.0
008 - FIXED-LENGTH DATA ELEMENTS--GENERAL INFORMATION
fixed length control field 921211s1993 caua b 101 0 eng
010 ## - LIBRARY OF CONGRESS CONTROL NUMBER
LC control number 92046168
020 ## - INTERNATIONAL STANDARD BOOK NUMBER
International Standard Book Number 1558152474 (paper) :
Terms of availability $14.95
040 ## - CATALOGING SOURCE
Original cataloging agency DLC
Transcribing agency DLC
Modifying agency DLC
043 ## - GEOGRAPHIC AREA CODE
Geographic area code cl-----
050 00 - LIBRARY OF CONGRESS CALL NUMBER
Classification number HD4010.5.L38
Item number
082 00 - DEWEY DECIMAL CLASSIFICATION NUMBER
Classification number 338.98
Edition number 20
245 00 - TITLE STATEMENT
Title Latin America's turnaround :privatization, foreign investment, and growth /
Statement of responsibility, etc. edited by Paul H. Boeker.
260 ## - PUBLICATION, DISTRIBUTION, ETC.
Place of publication, distribution, etc. San Francisco, Calif. :
Name of publisher, distributor, etc. International Center for Economic Growth :
-- Institute of the Americas :
-- ICS Press,
Date of publication, distribution, etc. c1993.
300 ## - PHYSICAL DESCRIPTION
Extent xvii, 190 p. :
Other physical details ill.
Dimensions 23 cm.
504 ## - BIBLIOGRAPHY, ETC. NOTE
Bibliography, etc. note Includes bibliographical references and index.
505 ## - FORMATTED CONTENTS NOTE
Formatted contents note Contents: Latin America's economic opening and the rediscovery of foreign investment -- The Accelerating pace of privatization in Latin America -- Privatization as a remedy for state-owned enterprises -- Privatization requirements of foreign investors -- Foreign direct investment in Latin America's privatization -- Financial incentives for investment in Chile's privatization -- Privatization as an objective: Telecommunications and regulatory reform -- Private participation in the electric power sector -- Oil and natural gas privatization -- Privatization of tourism and air transportation.
650 #0 - SUBJECT ADDED ENTRY--TOPICAL TERM
Topical term or geographic name entry element Privatization
Geographic subdivision Latin America
General subdivision Congresses.
650 #0 - SUBJECT ADDED ENTRY--TOPICAL TERM
Topical term or geographic name entry element Investments, Foreign
Geographic subdivision Latin America
General subdivision Congresses.
700 1# - ADDED ENTRY--PERSONAL NAME
Personal name Boeker, Paul H.
906 ## - LOCAL DATA ELEMENT F, LDF (RLIN)
a 7
b cbc
c orignew
d 1
e ocip
f 19
g y-gencatlg
942 ## - ADDED ENTRY ELEMENTS (KOHA)
Source of classification or shelving scheme Library of Congress Classification
Koha item type Books
Holdings
Withdrawn status Lost status Source of classification or shelving scheme Damaged status Not for loan Home library Current library Shelving location Date acquired Total Checkouts Full call number Barcode Date last seen Copy number Price effective from Koha item type
    Library of Congress Classification     WISCONSIN INTERNATIONAL UNIVERSITY COLLEGE, GHANA - MAIN LIBRARY WISCONSIN INTERNATIONAL UNIVERSITY COLLEGE, GHANA - MAIN LIBRARY General Stacks 21/03/2012   HD4010.5.L38 1608/12 21/03/2012 1 21/03/2012 Books

If you have any concerns or questions; kindly contact the library


© Powered by WIUC ICT DIRECTORATE